Score 0/24 Timer 03:00
0 Plays Today
Clue 4-Letter Word % Correct
Prayer ending wordAMEN
98%
Baking chamberOVEN
97.3%
A sign of the futureOMEN
94.2%
Study a lot at the last minuteCRAM
93.8%
Sound with your handsCLAP
91.9%
Move ones wingsFLAP
90.1%
Actor Alda or RickmanALAN
89.1%
On the same level withEVEN
88.9%
Money, slangilyCLAM
87.9%
Ancestral groupCLAN
85.2%
____ and properPRIM
84.6%
'____, a plan, a canal: Panama'A MAN
83.6%
Clue 4-Letter Word % Correct
Morose, like the ReaperGRIM
81.4%
Clip or pruneTRIM
81.2%
HappyGLAD
80.5%
Opposite of ebbFLOW
79%
Wearing clothingCLAD
78.3%
DefectFLAW
77.5%
British strollerPRAM
77.4%
British streetcarTRAM
77%
Famous Stoker?BRAM
75.8%
AlumGRAD
74.6%
Upper or projecting edgeBRIM
70%
Information-organizing schemeGRID
68.8%

Today's Daily Dose

Missing Word
I Hardly Know Her!

Word Ladder
Sentence Ending

Quick Pick
Female Firsts

Get the Picture
Triathlon Sports

Remove Ads.
Support Sporcle.
Get the best of Sporcle when you Go Orange. This ad-free experience offers more features, more stats, and more fun while also helping to support Sporcle. Thank you for becoming a member.

You're not logged in!

Compare scores with friends on all Sporcle quizzes.
OR
Log In

Show Comments

Extras

Top Quizzes Today


Score Distribution

Your Account Isn't Verified!

In order to create a playlist on Sporcle, you need to verify the email address you used during registration. Go to your Sporcle Settings to finish the process.

Report this User

Report this user for behavior that violates our Community Guidelines.

Details: